Statistics for Biggest Countries OR Cities - The Americas Top 60

Click here to take the quiz!

General Stats

  • This quiz has been taken 36 times
  • The average score is 53 of 60

Answer Stats

PopulationCountry or City% Correct
36,708,083Canada
100%
17,700,000Los Angeles
100%
124,737,789Mexico
100%
22,600,000Mexico City
100%
325,719,178United States
100%
9,750,000Chicago
97%
49,291,500Colombia
97%
4,947,500Costa Rica
97%
22,200,000New York
97%
12,800,000Rio de Janeiro
97%
31,431,200Venezuela
97%
44,044,800Argentina
94%
206,660,929Brazil
94%
11,221,060Cuba
94%
6,900,000Dallas
94%
8,866,400Honduras
94%
6,500,000Houston
94%
10,300,000Lima
94%
6,250,000Miami
94%
4,158,783Panama
94%
7,800,000San Francisco
94%
22,100,000Sao Paulo
94%
9,650,000Bogota
91%
11,145,800Bolivia
91%
7,600,000Boston
91%
16,100,000Buenos Aires
91%
3,750,000Caracas
91%
10,169,200Dominican Republic
91%
16,548,200Guatemala
91%
11,112,945Haiti
91%
6,327,927Nicaragua
91%
29,381,884Peru
91%
5,700,000Atlanta
88%
17,574,003Chile
88%
5,700,000Detroit
88%
16,777,000Ecuador
88%
6,581,900El Salvador
88%
6,953,600Paraguay
88%
7,350,000Philadelphia
88%
3,325,000San Diego
88%
7,050,000Santiago
88%
4,275,000Seattle
88%
3,493,200Uruguay
88%
8,500,000Washington
88%
3,650,000Denver
85%
3,900,000Medellin
85%
4,200,000Montreal
85%
7,300,000Toronto
85%
5,000,000Belo Horizonte
82%
3,975,000Brasilia
82%
4,500,000Phoenix
82%
5,150,000Guadalajara
79%
3,825,000Santo Domingo
76%
4,825,000Monterrey
74%
3,800,000Recife
74%
3,700,000Salvador
74%
3,650,000Fortaleza
71%
4,100,000Porto Alegre
68%
4,200,000Tampa
62%
3,350,000Curitiba
53%

Score Distribution

Percentile by Number Answered

Percent of People with Each Score

Your Score History

You have not taken this quiz